Logo Biblioteca

Lengua y literatura II : (Registro nro. 1043)

Detalles MARC
000 -LEADER
fixed length control field 02076nam a22003737a 4500
003 - CONTROL NUMBER IDENTIFIER
control field AR-RoUNCS
005 - DATE AND TIME OF LATEST TRANSACTION
control field 20260608172228.0
007 - PHYSICAL DESCRIPTION FIXED FIELD--GENERAL INFORMATION
fixed length control field ta
008 - FIXED-LENGTH DATA ELEMENTS--GENERAL INFORMATION
fixed length control field 260608s2023 ag a|||| |||| 00| 0 spa d
020 ## - INTERNATIONAL STANDARD BOOK NUMBER
International Standard Book Number 9789878210452
040 ## - CATALOGING SOURCE
Original cataloging agency AR-RoUNCS
Language of cataloging spa
Transcribing agency AR-RoUNCS
041 ## - LANGUAGE CODE
Language code of text/sound track or separate title spa
245 00 - TITLE STATEMENT
Title Lengua y literatura II :
Remainder of title [prácticas del lenguaje] /
Statement of responsibility, etc. Tamara Agazzi ... [et al.].
260 ## - PUBLICATION, DISTRIBUTION, ETC.
Place of publication, distribution, etc. Ciudad Autónoma de Buenos Aires :
Name of publisher, distributor, etc. Edelvives,
Date of publication, distribution, etc. c2023.
300 ## - PHYSICAL DESCRIPTION
Extent 224 p. ;
Other physical details ils. ;
Dimensions 27 cm. +
Accompanying material 1 cuadernillo de actividades (56 p. ; 27 cm.)
490 0# - SERIES STATEMENT
Series statement Dimensión paralela
505 ## - FORMATTED CONTENTS NOTE
Formatted contents note Bloque I: Literatura.
Miscellaneous information 1. Una mirada poética sobre la naturaleza -- 2. De bestias y criaturas fantásticas -- 3. Poner la mirada en lo real -- 4. Policiales al bies -- 5. Elige tu propia novela -- 6. Terror en escenarios y versos.
505 ## - FORMATTED CONTENTS NOTE
Formatted contents note Bloque II: Estudio, ciudadanía y medios.
Miscellaneous information 1. El testimonio oral, un texto narrativo -- 2. El artículo de enciclopedia, un texto expositivo-explicativo. 3. La nota de opinión. Un texto argumentativo -- 4. La reseña. Un texto argumentativo.
505 ## - FORMATTED CONTENTS NOTE
Formatted contents note Bloque III: Herramientas de la lengua, uso y reflexión.
Miscellaneous information 0. Para empezar -- 1. La comunicación -- 2. Formación de palabras -- 3. Las palabras en los textos -- 4. Clases de palabras y construcciones -- 5. De la palabra a la oración -- 6. El sustantivo y la construcción sustantiva -- 7. El adjetivo y la construcción adjetiva -- 8. Los pronombres -- 9. El verbo -- 10. El adverbio y la construcción adverbial -- 11. La construcción verbal -- 12. Tipos de oraciones -- 13. El texto.
650 #7 - SUBJECT ADDED ENTRY--TOPICAL TERM
Source of heading or term embne
Topical term or geographic name entry element Lengua española
650 #7 - SUBJECT ADDED ENTRY--TOPICAL TERM
Source of heading or term embne
Topical term or geographic name entry element Géneros literarios
655 #7 - INDEX TERM--GENRE/FORM
Source of term embne
Genre/form data or focus term Libros de texto
700 1# - ADDED ENTRY--PERSONAL NAME
Personal name Agazzi, Tamara
700 1# - ADDED ENTRY--PERSONAL NAME
Personal name Escandar, Patricia
700 1# - ADDED ENTRY--PERSONAL NAME
Personal name Lamanna Guiñazú, Damián
700 1# - ADDED ENTRY--PERSONAL NAME
Personal name Lehmann, Graciela
700 1# - ADDED ENTRY--PERSONAL NAME
Personal name Martínez Cabrera, Mariel
700 1# - ADDED ENTRY--PERSONAL NAME
Personal name Sólimo, Laura
700 1# - ADDED ENTRY--PERSONAL NAME
Personal name Rovatti, Daniela
700 1# - ADDED ENTRY--PERSONAL NAME
Personal name Silva, María
700 1# - ADDED ENTRY--PERSONAL NAME
Personal name Palermo, Alejandro
700 1# - ADDED ENTRY--PERSONAL NAME
Personal name Miller, Ignacio
942 ## - ADDED ENTRY ELEMENTS (KOHA)
Source of classification or shelving scheme Universal Decimal Classification
Koha item type Obra General
Suppress in OPAC No
Existencias
Withdrawn status Lost status Source of classification or shelving scheme Damaged status Not for loan Collection Home library Current library Date acquired Source of acquisition Total checkouts Full call number Barcode Date last seen Price effective from Koha item type
    Universal Decimal Classification     Colección General Biblioteca Escuela de Ciencias Sociales Biblioteca Escuela de Ciencias Sociales 08/06/2026 Donación 2026   80(07) L566 001529 08/06/2026 08/06/2026 Obra General
Biblioteca de la Escuela Preuniversitaria en Ciencias Sociales y Humanísticas.
Riobamba 250 bis.
CP 2000 - Rosario - Santa Fe
E-Mail: biblioteca@esociales.unr.edu.ar